Schaum's outline of theory and problems of modern physics

Na minha lista:
Detalhes bibliográficos
Autor principal: Ronald Gautreau
Formato: Livro
Idioma:Undetermined
Publicado em: New York McGraw-Hill 1999
Assuntos:
Tags: Adicionar Tag
Sem tags, seja o primeiro a adicionar uma tag!
Thư viện lưu trữ: Trung tâm Học liệu Trường Đại học Cần Thơ
LEADER 00518nam a2200181Ia 4500
001 CTU_54707
008 210402s9999 xx 000 0 und d
020 |b 239000 
082 |a 539 
082 |b G918 
100 |a Ronald Gautreau 
245 0 |a Schaum's outline of theory and problems of modern physics 
245 0 |c Ronald Gautreau and William Savin 
260 |a New York 
260 |b McGraw-Hill 
260 |c 1999 
650 |a physics,nuclear physics 
980 |a Trung tâm Học liệu Trường Đại học Cần Thơ